[Event "Volmac tournament, junior group"]
[Site "Antwerp"]
[Date "1993.08.06"]
[Round "1"]
[White "Antonsen, Mikkel"]
[Black "Teplitsky, Yan"]
[Result "0-1"]
[WhiteElo "2385"]
[BlackElo "2345"]
[WhiteTitle "IM"]
[Source "ChessBase"]

1. d4 g6 2. c4 Bg7 3. e4 d6 4. Nc3 e5 5. Nge2 Nc6 6. Be3 Nh6 7. f3 f5 8. Qd2
Nf7 9. O-O-O O-O 10. exf5 gxf5 11. f4 a6 12. Kb1 b5 13. dxe5 Na5 14. Ng3 dxe5
15. Qxd8 Nxd8 16. Nd5 exf4 17. Bc5 fxg3 18. Bxf8 Bxf8 19. cxb5 Bd6 20. b4 gxh2
21. b6 Nab7 22. Nxc7 Bxc7 23. bxc7 Ne6 24. Bc4 Kg7 25. Bd5 Ra7 26. Bxe6 Bxe6
27. Rd8 a5 28. c8=Q Bxc8 29. Rxc8 Nd6 30. Rb8 axb4 31. Rxb4 Re7 32. Rxh2 Re2
33. Rb6 Ne4 34. Rb7+ Kg6 35. Rb6+ Kg5 36. Rc6 f4 0-1

[Event "Volmac tournament, junior group"]
[Site "Antwerp"]
[Date "1993.08.06"]
[Round "1"]
[White "Forster, Richard"]
[Black "Hausrath, Daniel"]
[Result "1/2-1/2"]
[WhiteElo "2305"]
[BlackElo "2280"]
[WhiteTitle "FM"]
[Source "ChessBase"]

1. e4 c5 2. Nf3 d6 3. d4 cxd4 4. Nxd4 Nf6 5. Nc3 g6 6. Be3 Bg7 7. f3 O-O 8. Qd2
Nc6 9. Bc4 Bd7 10. h4 Rc8 11. Bb3 h5 12. O-O-O Ne5 13. Bg5 Rc5 14. g4 hxg4
15. f4 Nc4 16. Qe2 b5 17. f5 gxf5 18. Bxf6 exf6 19. Bxc4 fxe4 20. Bb3 f5
21. Rhf1 Qe8 22. Nd5 Qe5 23. Ne3 f4 24. Nxg4 f3 25. Nxe5 fxe2 26. Nxd7 exf1=Q
27. Rxf1 Bxd4 28. Nxf8 Kxf8 29. Rxf7+ Ke8 30. Rxa7 Rf5 31. Ra8+ Ke7 32. c3 e3
33. Kd1 Rf1+ 34. Ke2 Rf2+ 35. Ke1 Be5 36. Ra7+ Kd8 37. Bd1 Rxb2 38. Be2 Bxc3+
39. Kf1 Rb4 40. Rf7 Rb1+ 41. Kg2 Rb2 42. Kf3 Rxa2 43. Kxe3 b4 44. Rb7 Kc8
45. Rb5 Kc7 46. Bf3 Ra3 47. Bd5 Bf6+ 1/2-1/2

[Event "Volmac tournament, junior group"]
[Site "Antwerp"]
[Date "1993.08.06"]
[Round "1"]
[White "Van Beers, Eddy"]
[Black "Vedder, Henk"]
[Result "1-0"]
[WhiteElo "2175"]
[BlackElo "2385"]
[Source "ChessBase"]

1. d4 d5 2. c4 e6 3. Nc3 c5 4. cxd5 cxd4 5. Qxd4 Nc6 6. Qd1 exd5 7. Qxd5 Bd7
8. Nf3 Nf6 9. Qd1 Bc5 10. e3 Qe7 11. a3 O-O 12. Be2 Rad8 13. Qc2 Rfe8 14. O-O
Ne5 15. Rd1 Bd6 16. Ng5 Rc8 17. Qb3 h6 18. Nge4 Nxe4 19. Nxe4 Be6 20. Qa4 Bb8
21. Ng3 Nd7 22. Bb5 Nc5 23. Qb4 Red8 24. Bd2 a5 25. Qxa5 Nb3 26. Bb4 Qh4 27. Qb6
Nxa1 28. Rxa1 Bd5 29. Rd1 Bc7 30. Qd4 Qxd4 31. Rxd4 Bb6 32. Rd1 Bb3 33. Re1 Rd5
34. Be2 Rcd8 35. Bf3 R5d7 36. Nf5 g6 37. Nxh6+ Kg7 38. Ng4 f5 39. Bc3+ Kf8
40. Ne5 Rd6 41. Bxb7 Ke8 42. Bf3 g5 43. h3 g4 44. hxg4 fxg4 45. Nxg4 Bd1
46. Nf6+ Ke7 47. Ne4 Bxf3 48. Nxd6 Rg8 49. Nf5+ 1-0

[Event "Volmac tournament, junior group"]
[Site "Antwerp"]
[Date "1993.08.07"]
[Round "2"]
[White "Bibby, Simon"]
[Black "Eriksson, Johan"]
[Result "1-0"]
[WhiteElo "2290"]
[BlackElo "2305"]
[Source "ChessBase"]

1. d4 Nf6 2. Bg5 Ne4 3. Bf4 c5 4. f3 Nf6 5. d5 d6 6. e4 g6 7. c4 Bg7 8. Nc3 O-O
9. Bd3 e6 10. Nge2 exd5 11. exd5 Nh5 12. Be3 Re8 13. Qd2 Qh4+ 14. Kf1 h6 15. Bf2
Qd8 16. g4 Nf6 17. Ng3 Nbd7 18. Kg2 Ne5 19. h3 Bd7 20. Rae1 a6 21. Be2 b5 22. b3
bxc4 23. bxc4 g5 24. Bd3 Ng6 25. Bxg6 fxg6 26. Qd3 Kh7 27. h4 gxh4 28. Nge4 Nxe4
29. Nxe4 Rb8 30. Bxh4 Qa5 31. Bg5 Rb2+ 32. Kf1 Rxe4 33. Qxe4 Qxa2 34. Be3 Rh2
35. Rxh2 Qxh2 36. Bf4 Qh3+ 37. Ke2 Qg2+ 38. Kd3 Ba4 39. Qe2 Qh3 40. Bxd6 Bb3
41. Bxc5 Qg3 42. Bd4 Qc7 43. Rc1 Bxd4 44. Kxd4 Qf4+ 45. Kc3 Bxc4 46. Qe7+ Kh8
47. Qd8+ Kg7 48. Re1 Qxf3+ 49. Kxc4 Qf4+ 50. Kd3 Qf3+ 51. Re3 Qd1+ 52. Kc4 Qc2+
53. Kd4 Qd2+ 54. Ke4 Qg2+ 55. Ke5 Qxg4 56. Qf6+ Kh7 57. Rf3 Qh5+ 58. Ke6 Qg4+
59. Kf7 1-0

[Event "Volmac tournament, junior group"]
[Site "Antwerp"]
[Date "1993.08.07"]
[Round "2"]
[White "Hausrath, Daniel"]
[Black "Antonsen, Mikkel"]
[Result "0-1"]
[WhiteElo "2280"]
[BlackElo "2385"]
[BlackTitle "IM"]
[Source "ChessBase"]

1. d4 Nf6 2. c4 g6 3. Nc3 Bg7 4. e4 d6 5. Be2 O-O 6. Nf3 e5 7. O-O Nc6 8. d5
Ne7 9. Nd2 c6 10. b4 a5 11. bxa5 Qxa5 12. Qc2 c5 13. Nb5 Qd8 14. Bb2 Ne8 15. f4
exf4 16. Rxf4 g5 17. Rf2 Ng6 18. Nf1 f5 19. exf5 Bxf5 20. Rxf5 Rxf5 21. Qxf5
Bxb2 22. Re1 Ng7 23. Qb1 Qf6 24. Ng3 Be5 25. Rf1 Nf4 26. Bf3 Qh6 27. Nc7 Rf8
28. Qxb7 Nd3 29. Ne6 g4 30. Nxf8 Qe3+ 31. Kh1 Nf2+ 32. Rxf2 Qxf2 33. Be2 Qe1+
34. Bf1 Bxg3 35. hxg3 Qxf1+ 36. Kh2 Qxf8 37. a4 Nf5 38. Qd7 Qh6+ 39. Kg1 Qe3+
40. Kh2 Qxg3+ 41. Kg1 Qe3+ 42. Kh2 Qe5+ 43. Kg1 Qd4+ 0-1

[Event "Volmac tournament, junior group"]
[Site "Antwerp"]
[Date "1993.08.07"]
[Round "2"]
[White "Vedder, Henk"]
[Black "Forster, Richard"]
[Result "1-0"]
[WhiteElo "2385"]
[BlackElo "2305"]
[BlackTitle "FM"]
[Source "ChessBase"]

1. e4 c5 2. Nf3 d6 3. Nc3 Nf6 4. e5 dxe5 5. Nxe5 Nbd7 6. Nc4 Nb6 7. Ne3 Bd7
8. Be2 Bc6 9. Bf3 Rc8 10. O-O g6 11. a4 Bg7 12. a5 Nbd5 13. Nc4 Nb4 14. Bxc6+
Nxc6 15. d3 O-O 16. Be3 Nd5 17. Nb5 Nxe3 18. fxe3 Ne5 19. a6 bxa6 20. Rxa6 Nxc4
21. dxc4 Bxb2 22. Rxa7 Bf6 23. Nc7 e6 24. Qxd8 Bxd8 25. Nb5 Bg5 26. Kf2 Bf6
27. Ke2 Be5 28. h3 h5 29. Rd1 Ra8 30. Rdd7 Rxa7 31. Nxa7 Kg7 32. Nc6 Bf6 33. Na5
Rd8 34. Rc7 Bc3 35. Nb3 Bb4 36. c3 Bxc3 37. Rxc5 Kf6 38. Rb5 Be5 39. Nc5 Ke7
40. Nb7 Rb8 41. Na5 Rxb5 42. cxb5 Bc7 43. Nc4 f5 44. Kd3 g5 45. Kd4 f4 46. exf4
Bxf4 47. Kc5 Kd7 48. Kb6 g4 49. hxg4 hxg4 50. Kc5 Kc7 51. b6+ Kd7 52. Kb5 g3
53. Kc5 Bb8 54. Nd2 Bf4 55. Ne4 Be5 56. Kb5 Bf4 57. Nc5+ Kd6 58. Nd3 Be3 59. Ka6
Bxb6 60. Kxb6 Kd5 61. Nf4+ Ke5 62. Ne2 Ke4 63. Nxg3+ Ke3 64. Nf1+ 1-0

[Event "Volmac tournament, junior group"]
[Site "Antwerp"]
[Date "1993.08.08"]
[Round "3"]
[White "Antonsen, Mikkel"]
[Black "Vedder, Henk"]
[Result "1/2-1/2"]
[WhiteElo "2385"]
[BlackElo "2385"]
[WhiteTitle "IM"]
[Source "ChessBase"]

1. d4 e6 2. e4 d5 3. exd5 exd5 4. Nf3 Nf6 5. Bg5 Be7 6. Bd3 Bg4 7. O-O Nbd7
8. Nbd2 Nf8 9. c4 Ne6 10. Qa4+ c6 11. Bxf6 Bxf6 12. cxd5 Qxd5 13. Bc4 Qh5 14. d5
O-O 15. dxe6 b5 16. exf7+ Kh8 17. Qa5 bxc4 18. Qxh5 Bxh5 19. Nxc4 Rxf7 20. Nfe5
Rb7 21. g4 Be8 22. Rfe1 Rd8 23. Rad1 Rxd1 24. Rxd1 Re7 25. Re1 h5 26. h3 hxg4
27. hxg4 g5 28. Nd3 Rxe1+ 29. Nxe1 Bg6 30. Nf3 Kg7 31. Nfe5 Be4 32. Nd6 Bxe5
33. Nxe4 Bf4 34. Kf1 Kf7 35. Nc5 Bd6 36. Ne4 Bf4 37. Ke2 Ke6 38. Kd3 Bc1 39. Kc2
Bf4 40. Kd3 Bc1 41. b3 Ke5 42. Nc3 Ba3 43. Ne2 Bc5 44. f3 Bf2 45. b4 Bb6 46. Kc4
Bf2 47. a4 Be3 48. b5 cxb5+ 49. Kxb5 Bf2 50. a5 Be3 51. Kc6 Bd2 52. a6 Be3
53. Kb7 Bf2 54. Nc3 Kf4 55. Nb5 Kxf3 56. Nxa7 Kxg4 57. Nc8 Kf3 58. Nb6 g4 59. a7
g3 60. a8=Q g2 61. Ka6+ Kg3 62. Qg8+ Kf3 63. Qd5+ Kg3 64. Qg5+ Kf3 65. Qf6+ Kg3
66. Qg6+ Kf3 67. Qd3+ Kg4 68. Qg6+ Kf3 69. Qh5+ Kg3 70. Qg5+ 1/2-1/2

[Event "Volmac tournament, junior group"]
[Site "Antwerp"]
[Date "1993.08.08"]
[Round "3"]
[White "Eriksson, Johan"]
[Black "Teplitsky, Yan"]
[Result "0-1"]
[WhiteElo "2305"]
[BlackElo "2345"]
[Source "ChessBase"]

1. d4 Nf6 2. c4 c5 3. d5 a6 4. a4 e5 5. Nc3 d6 6. e4 Nbd7 7. g3 g6 8. Bg2 h5
9. Nf3 Bh6 10. Bxh6 Rxh6 11. O-O Kf8 12. Nh4 Kg7 13. Qd2 Nh7 14. Nd1 Ndf6
15. Qe1 g5 16. Nf5+ Bxf5 17. exf5 g4 18. f3 gxf3 19. Bxf3 h4 20. Qe3 hxg3
21. hxg3 Nd7 22. Nf2 Qg5 23. Qxg5+ Nxg5 24. Ng4 Rh3 25. Kf2 Nf6 26. Ne3 Nfe4+
27. Bxe4 Nxe4+ 28. Ke1 Rah8 29. f6+ Kg6 30. Ra3 Rxg3 31. Nf5 Rxa3 32. Ne7+ Kg5
33. bxa3 Rh3 34. Rf5+ Kg4 35. Kd1 Rxa3 36. Kc2 Rc3+ 0-1

[Event "Volmac tournament, junior group"]
[Site "Antwerp"]
[Date "1993.08.08"]
[Round "3"]
[White "Van Beers, Eddy"]
[Black "Bibby, Simon"]
[Result "0-1"]
[WhiteElo "2175"]
[BlackElo "2290"]
[Source "ChessBase"]

1. d4 Nf6 2. c4 g6 3. Nc3 Bg7 4. e4 d6 5. f3 O-O 6. Be3 e5 7. d5 c6 8. Bd3 cxd5
9. cxd5 Nbd7 10. Nge2 a6 11. Qd2 Nh5 12. O-O f5 13. exf5 gxf5 14. f4 e4 15. Bc2
Ndf6 16. h3 Kh8 17. a4 Rg8 18. a5 Bh6 19. Na4 Bd7 20. Nb6 Bb5 21. Nxa8 Bxe2
22. Qxe2 Ng3 23. Qc4 Nxf1 24. Kxf1 Qxa8 25. Bb3 Nh5 26. Qc3+ Bg7 27. Qc7 Qe8
28. Qxb7 Qg6 29. Bd1 Qg3 30. Bf2 Qxf4 31. Qb4 Ng3+ 32. Ke1 Nh1 33. Bb6 Be5
34. g4 Ng3 35. Bf2 fxg4 36. Bxg4 Rf8 37. Qb6 Nh1 38. Bh4 Qf1+ 0-1

[Event "Volmac tournament, junior group"]
[Site "Antwerp"]
[Date "1993.08.09"]
[Round "4"]
[White "Bibby, Simon"]
[Black "Teplitsky, Yan"]
[Result "1/2-1/2"]
[WhiteElo "2290"]
[BlackElo "2345"]
[Source "ChessBase"]

1. d4 g6 2. e4 Bg7 3. Nc3 c6 4. Be3 d5 5. h3 Qb6 6. Rb1 dxe4 7. Nxe4 Nh6 8. Nf3
Be6 9. c4 Bf5 10. Bd3 Bxe4 11. Bxe4 Nf5 12. Bxf5 Qa5+ 13. Qd2 Qxf5 14. O-O O-O
15. Qb4 Qd7 16. Ne5 Qc7 17. Bf4 Na6 18. Qd2 Qc8 19. Bh6 Rd8 20. Bxg7 Kxg7
21. Ng4 h5 22. Qh6+ Kg8 23. Ne5 Qf5 24. Rbd1 Qf6 25. Rd3 Qg7 26. Qe3 Rd6 27. f4
e6 28. Rf3 Rad8 29. c5 Rd5 30. Rg3 Qf6 31. Rg5 Kg7 32. Qe4 h4 33. g3 Nb4 34. Rd2
Rh8 35. Rg2 hxg3 36. R2xg3 Rh6 37. Rb3 a5 38. a3 Rh4 39. Rg4 Rxg4+ 40. hxg4 Qd8
41. axb4 Rxd4 42. Qe3 Rd1+ 43. Kf2 Qh4+ 44. Qg3 Qh1 45. Nf3 Qf1+ 46. Ke3 axb4
47. Nd2 Qb5 48. Rd3 Qxc5+ 49. Ke2 Rg1 50. Qf2 Qxf2+ 51. Kxf2 Rxg4 52. Kf3 Rg1
53. Rd7 b5 54. Rc7 Rc1 55. Ne4 1/2-1/2

[Event "Volmac tournament, junior group"]
[Site "Antwerp"]
[Date "1993.08.09"]
[Round "4"]
[White "Hausrath, Daniel"]
[Black "Eriksson, Johan"]
[Result "1-0"]
[WhiteElo "2280"]
[BlackElo "2305"]
[Source "ChessBase"]

1. d4 d5 2. c4 e6 3. Nf3 Nf6 4. g3 c5 5. Bg2 Nc6 6. O-O dxc4 7. Qa4 Bd7 8. Qxc4
b5 9. Qd3 Rc8 10. dxc5 Bxc5 11. Nc3 Nb4 12. Qd1 Bc6 13. Bg5 Qb6 14. Ne5 Rd8
15. Qc1 Bxg2 16. Kxg2 Be7 17. Qf4 Nc2 18. Rad1 O-O 19. Ne4 Rxd1 20. Rxd1 Qb7
21. Bxf6 Bxf6 22. Nd7 Bg5 23. Qf3 Qxd7 24. Rxd7 Ne1+ 25. Kf1 Nxf3 26. exf3 Bc1
27. Rxa7 Bxb2 28. Rb7 Ra8 29. Rxb5 Bd4 30. a4 Kf8 31. Rb4 e5 32. f4 f6 33. fxe5
Bxe5 34. f4 Bc7 35. Rb7 Rxa4 36. Nc5 Ra1+ 37. Ke2 Ra2+ 38. Kf3 Ra3+ 39. Ke4 Ba5
40. Ne6+ Ke8 41. Nxg7+ Kf8 42. Ne6+ Kg8 43. Rg7+ Kh8 44. Rf7 1-0

[Event "Volmac tournament, junior group"]
[Site "Antwerp"]
[Date "1993.08.09"]
[Round "4"]
[White "Van Beers, Eddy"]
[Black "Forster, Richard"]
[Result "0-1"]
[WhiteElo "2175"]
[BlackElo "2305"]
[BlackTitle "FM"]
[Source "ChessBase"]

1. d4 Nf6 2. c4 g6 3. Nc3 Bg7 4. e4 d6 5. f3 O-O 6. Be3 Nbd7 7. Qd2 c5 8. Nge2
Qa5 9. a3 a6 10. dxc5 dxc5 11. Nf4 e6 12. Be2 Rd8 13. Rd1 Qc7 14. O-O b6 15. Qd6
Qxd6 16. Rxd6 Ne8 17. Rd3 Bd4 18. Bxd4 cxd4 19. Nd1 g5 20. Nh3 Nc5 21. Rd2 Nb3
22. Rd3 Nc1 23. Re1 Nxd3 24. Bxd3 e5 25. Nxg5 f6 26. Nh3 Bxh3 27. gxh3 Ng7
28. Nf2 Ne6 29. Kh1 Nf4 30. Rg1+ Kf8 31. Rg4 Rac8 32. b3 b5 33. cxb5 Rc1+
34. Rg1 Nxd3 35. Nxd3 Rxg1+ 36. Kxg1 axb5 37. a4 bxa4 38. bxa4 Ra8 39. f4 Ra5
40. Kf2 Ke7 41. Ke2 Kd6 42. fxe5+ fxe5 43. Nb2 Kc5 44. Kd3 Kb4 45. h4 Rxa4
46. Nc4 Ra3+ 47. Nxa3 Kxa3 48. Kc4 h5 49. h3 Kb2 50. Kd5 d3 51. Kxe5 d2 52. Kf6
d1=Q 0-1

[Event "Volmac tournament, junior group"]
[Site "Antwerp"]
[Date "1993.08.10"]
[Round "5"]
[White "Eriksson, Johan"]
[Black "Vedder, Henk"]
[Result "1-0"]
[WhiteElo "2305"]
[BlackElo "2385"]
[Source "ChessBase"]

1. d4 e6 2. c4 d5 3. Nf3 Nf6 4. Bg5 Be7 5. Nc3 O-O 6. e3 c6 7. Qc2 Nbd7 8. Rd1
Nb6 9. c5 Nbd7 10. b4 Ne8 11. Bf4 f5 12. h3 Ndf6 13. Bd3 Ne4 14. Ne5 N8f6
15. O-O Nd7 16. Ne2 Ng5 17. Rb1 Nxe5 18. Bxe5 Bd7 19. b5 Nf7 20. Bh2 Bf6
21. bxc6 bxc6 22. Rb3 g6 23. Ba6 e5 24. Rfb1 Qa5 25. Bb7 Rab8 26. dxe5 Bxe5
27. Bxe5 Nxe5 28. Nd4 Qc7 29. Qe2 f4 30. exf4 Rxf4 31. Rd1 Rbf8 32. f3 Re8
33. Qf2 Qa5 34. Rc1 Qa4 35. Rd1 Rb8 36. Qe3 Rff8 37. Qxe5 Rxb7 38. Rxb7 Qxd1+
39. Kh2 Rf7 40. Rxd7 1-0

[Event "Volmac tournament, junior group"]
[Site "Antwerp"]
[Date "1993.08.10"]
[Round "5"]
[White "Forster, Richard"]
[Black "Bibby, Simon"]
[Result "0-1"]
[WhiteElo "2305"]
[BlackElo "2290"]
[WhiteTitle "FM"]
[Source "ChessBase"]

1. e4 c5 2. Nf3 Nc6 3. d4 cxd4 4. Nxd4 e5 5. Nb5 d6 6. Bc4 Be7 7. O-O Nf6
8. Bg5 Nxe4 9. Bxe7 Nxe7 10. Re1 a6 11. Rxe4 axb5 12. Bxb5+ Bd7 13. Nc3 Bc6
14. Qh5 Ng6 15. Re3 O-O 16. Bd3 Bxg2 17. Ne2 e4 18. Kxg2 exd3 19. cxd3 Ra5
20. Qh3 Qf6 21. d4 Rf5 22. Rf1 h6 23. Kg1 Nf4 24. Nxf4 Rxf4 25. Qd7 b6 26. Qe7
Qxd4 27. Rc1 g6 28. Rcc3 Kg7 29. a3 Ra8 30. Kg2 h5 31. h3 Qd2 32. Rf3 Rxf3
33. Rxf3 Qd5 34. Qf6+ Kg8 35. Kg1 Re8 36. Qc3 Re5 37. Qd3 Qe6 38. Kg2 h4 39. Qb3
Qe7 40. Qc3 Qg5+ 41. Kf1 Rc5 42. Qb4 b5 43. Rc3 Rxc3 44. Qxc3 Qf4 45. b3 d5
46. Qc8+ Kg7 47. Qc5 Qf3 48. Qxb5 Qxh3+ 49. Kg1 Qf3 50. Qb8 h3 51. Qe5+ Kh7
52. Qg5 f6 0-1

[Event "Volmac tournament, junior group"]
[Site "Antwerp"]
[Date "1993.08.10"]
[Round "5"]
[White "Teplitsky, Yan"]
[Black "Hausrath, Daniel"]
[Result "1/2-1/2"]
[WhiteElo "2345"]
[BlackElo "2280"]
[Source "ChessBase"]

1. Nf3 Nf6 2. c4 g6 3. Nc3 Bg7 4. e4 d6 5. d4 O-O 6. Be2 e5 7. d5 a5 8. h4 Na6
9. Nd2 h5 10. Nf1 Nc5 11. Bg5 Bd7 12. Nd2 Qe8 13. f3 c6 14. Nb3 Nxb3 15. Qxb3
cxd5 16. cxd5 Nh7 17. Be3 Qe7 18. Rc1 f5 19. Bd3 Nf6 20. Qb6 fxe4 21. Bxe4 Bf5
22. Bg5 Qd7 23. Bxf6 Bxf6 24. Ke2 Rfc8 25. Qb5 Qxb5+ 26. Nxb5 Be7 27. a4 Kf7
28. b3 Rxc1 29. Rxc1 Rc8 30. Rxc8 Bxc8 31. g3 Bd7 32. Na3 Bd8 33. Bd3 Bb6
34. Nc4 Bc7 35. Nd2 Kf6 36. Ne4+ Ke7 37. Ke1 Bb6 38. Nd2 Kf6 39. Be2 Bf5 40. Kd1
Bd7 41. Ne4+ Ke7 42. g4 Be8 43. Ke1 Bf7 44. Bc4 Be3 45. Ke2 Bb6 46. Kd3 Ba7
47. Kc3 Bd4+ 48. Kd3 Bb6 49. Ke2 Ba7 50. Ng3 Bc5 51. g5 Bb6 52. Ne4 Ba7 53. Nd2
Bc5 54. Bd3 Bb4 55. Nc4 Bc3 56. Be4 Be8 57. Ne3 b5 58. axb5 Bxb5+ 59. Bd3 Be8
1/2-1/2

[Event "Volmac tournament, junior group"]
[Site "Antwerp"]
[Date "1993.08.12"]
[Round "6"]
[White "Bibby, Simon"]
[Black "Hausrath, Daniel"]
[Result "0-1"]
[WhiteElo "2290"]
[BlackElo "2280"]
[Source "ChessBase"]

1. d4 Nf6 2. Nf3 g6 3. c4 Bg7 4. Nc3 O-O 5. Bg5 c5 6. e3 d6 7. Be2 Nc6 8. d5
Nb8 9. Nd2 Na6 10. e4 Nc7 11. a4 Rb8 12. f4 b6 13. O-O a6 14. e5 Nfe8 15. Nf3
Bd7 16. Qe1 b5 17. b3 f6 18. Bh4 dxe5 19. fxe5 fxe5 20. Ne4 Bf5 21. Bd3 Nd6
22. Nfd2 bxc4 23. bxc4 Rb2 24. Rd1 Bh6 25. Bf2 Bxd2 26. Nxd2 Bxd3 27. Qxe5 Rxd2
28. Rxd2 Nxc4 0-1

[Event "Volmac tournament, junior group"]
[Site "Antwerp"]
[Date "1993.08.12"]
[Round "6"]
[White "Forster, Richard"]
[Black "Antonsen, Mikkel"]
[Result "0-1"]
[WhiteElo "2305"]
[BlackElo "2385"]
[WhiteTitle "FM"]
[BlackTitle "IM"]
[Source "ChessBase"]

1. d4 Nf6 2. c4 g6 3. Nc3 Bg7 4. e4 d6 5. Bd3 O-O 6. Nge2 e5 7. d5 Nh5 8. h3 f5
9. exf5 gxf5 10. g4 Nf4 11. Nxf4 exf4 12. Bxf4 Na6 13. Qd2 Nc5 14. Be2 fxg4
15. hxg4 Bxg4 16. O-O-O Bxe2 17. Nxe2 Qf6 18. Rdg1 Qf5 19. Rg3 Ne4 20. Nd4 Qf6
21. Rxg7+ Qxg7 22. Qe3 Rxf4 23. f3 Ng3 24. Qxf4 Nxh1 25. Nf5 Rf8 0-1

[Event "Volmac tournament, junior group"]
[Site "Antwerp"]
[Date "1993.08.12"]
[Round "6"]
[White "Vedder, Henk"]
[Black "Teplitsky, Yan"]
[Result "1/2-1/2"]
[WhiteElo "2385"]
[BlackElo "2345"]
[Source "ChessBase"]

1. e4 c5 2. Nf3 d6 3. d4 cxd4 4. Qxd4 a6 5. Be3 Nf6 6. Nc3 e6 7. O-O-O Nbd7
8. Nd2 b5 9. a4 b4 10. Qxb4 d5 11. Qb3 Rb8 12. Qa2 Bb4 13. Ndb1 dxe4 14. Qc4 O-O
15. Nxe4 Nd5 16. Nbc3 Nxe3 17. fxe3 Qa5 18. Qd4 Nb6 19. Bd3 e5 20. Nf6+ gxf6
21. Qh4 Re8 22. Qh6 f5 1/2-1/2

[Event "Volmac tournament, junior group"]
[Site "Antwerp"]
[Date "1993.08.13"]
[Round "7"]
[White "Antonsen, Mikkel"]
[Black "Bibby, Simon"]
[Result "1-0"]
[WhiteElo "2385"]
[BlackElo "2290"]
[WhiteTitle "IM"]
[Source "ChessBase"]

1. d4 Nf6 2. c4 g6 3. Nc3 Bg7 4. e4 d6 5. f3 O-O 6. Bg5 c5 7. d5 e6 8. Qd2 exd5
9. cxd5 a6 10. Nge2 b5 11. Ng3 Nbd7 12. a4 bxa4 13. Be2 a5 14. O-O Ba6 15. Bxa6
Rxa6 16. Bh6 Bxh6 17. Qxh6 Rb6 18. Rxa4 c4 19. Ra2 Ne5 20. Qe3 Qc7 21. Qd4 Nfd7
22. f4 Nd3 23. Nd1 Qc5 24. Qxc5 N7xc5 25. Rxa5 Re8 26. Ne3 Nxb2 27. e5 Nb7
28. Ra7 c3 29. Ne4 Rc8 30. Rxb7 Rxb7 31. Nxd6 Rbc7 32. Nxc8 Rxc8 33. d6 Nd3
34. g3 Kf8 35. Nc2 Ke8 36. Ra1 Rb8 37. Nd4 Nb4 38. Ra7 c2 39. Rc7 Ra8 40. Kg2
Ra1 41. e6 fxe6 42. Nxe6 Nd5 43. d7+ Kf7 44. d8=Q+ 1-0

[Event "Volmac tournament, junior group"]
[Site "Antwerp"]
[Date "1993.08.13"]
[Round "7"]
[White "Eriksson, Johan"]
[Black "Van Beers, Eddy"]
[Result "1-0"]
[WhiteElo "2305"]
[BlackElo "2175"]
[Source "ChessBase"]

1. d4 Nf6 2. c4 c5 3. d5 b5 4. cxb5 a6 5. Nc3 axb5 6. e4 b4 7. Nb5 d6 8. Bf4 g5
9. Be3 Nxe4 10. Bd3 Nf6 11. Bxg5 Bg7 12. Ne2 Nbd7 13. Ng3 Ne5 14. Be2 O-O
15. O-O Qb6 16. a4 bxa3 17. bxa3 Bg4 18. Bxg4 Qxb5 19. Bf5 Qa4 20. Bc2 Qg4
21. Qc1 Ng6 22. f4 Qd7 23. Nf5 Rfe8 24. Rf3 Bh8 25. Nh6+ Kf8 26. f5 Ne5 27. Rg3
Reb8 28. a4 Qa7 29. a5 Rb4 30. a6 Nxd5 31. Qd1 Nf6 32. Bxf6 1-0

[Event "Volmac tournament, junior group"]
[Site "Antwerp"]
[Date "1993.08.13"]
[Round "7"]
[White "Hausrath, Daniel"]
[Black "Vedder, Henk"]
[Result "0-1"]
[WhiteElo "2280"]
[BlackElo "2385"]
[Source "ChessBase"]

1. d4 e6 2. c4 d5 3. Nf3 Nf6 4. g3 Be7 5. Bg2 c6 6. O-O b5 7. b3 O-O 8. Nbd2
Bb7 9. Qc2 Nbd7 10. e4 dxe4 11. Nxe4 bxc4 12. bxc4 c5 13. Nxc5 Nxc5 14. dxc5 Be4
15. Qa4 Bxc5 16. Ba3 Qc7 17. Bxc5 Qxc5 18. Qb5 Rac8 19. Ne5 Bxg2 20. Kxg2 Qa3
21. Qb3 Qa5 22. Rfe1 Rc5 23. Nd3 Rc7 24. Re5 Qa6 25. Rc1 Rfc8 26. Rb5 Ne4 27. c5
Nd2 28. Qb2 Qc6+ 29. Kg1 Nf3+ 30. Kf1 Nxh2+ 31. Kg1 Nf3+ 32. Kf1 Nd4 0-1

[Event "Volmac tournament, junior group"]
[Site "Antwerp"]
[Date "1993.08.14"]
[Round "8"]
[White "Bibby, Simon"]
[Black "Vedder, Henk"]
[Result "0-1"]
[WhiteElo "2290"]
[BlackElo "2385"]
[Source "ChessBase"]

1. d4 e6 2. e4 d5 3. Nd2 Ne7 4. Ngf3 Nd7 5. Bd3 c5 6. c3 cxd4 7. cxd4 Nc6 8. a3
Be7 9. O-O Qb6 10. exd5 exd5 11. Nb3 a5 12. a4 O-O 13. Be3 Nb4 14. Bb1 Qd8
15. Ne5 Nf6 16. Nd2 b6 17. f4 Bd6 18. f5 Qc7 19. Bf4 Re8 20. Ra3 Bb7 21. g4 Ne4
22. g5 Rxe5 23. Bxe5 Bxe5 24. dxe5 Qc5+ 25. Kg2 Nxg5 26. Qg4 d4+ 27. Ne4 d3
28. Qxg5 Bxe4+ 29. Kh3 Qxe5 30. Qf4 Qd5 31. Rf2 Rd8 32. Rc3 Qd4 33. Qd2 Nd5
34. Rxd3 Bxd3 35. Bxd3 Nb4 36. Rf4 Qxd3+ 37. Qxd3 Rxd3+ 38. Kg4 Nc6 39. Re4 Rd4
40. Kf3 Rxe4 41. Kxe4 Ne7 42. Ke5 Kf8 43. Kd6 Nxf5+ 44. Kc6 Ne3 45. Kxb6 Nc4+
46. Kb5 Nxb2 0-1

[Event "Volmac tournament, junior group"]
[Site "Antwerp"]
[Date "1993.08.14"]
[Round "8"]
[White "Forster, Richard"]
[Black "Eriksson, Johan"]
[Result "1-0"]
[WhiteElo "2305"]
[BlackElo "2305"]
[WhiteTitle "FM"]
[Source "ChessBase"]

1. e4 c5 2. Nf3 d6 3. d4 cxd4 4. Nxd4 Nf6 5. Nc3 a6 6. Bc4 e6 7. Be3 Be7 8. Bb3
b5 9. f4 b4 10. Na4 Nxe4 11. f5 Bh4+ 12. g3 O-O 13. Qg4 Bg5 14. Qxe4 exf5
15. Bxg5 Qxg5 16. Qf4 Re8+ 17. Kd2 Qf6 18. Rae1 Rf8 19. Nb6 Ra7 20. Nd5 Qd8
21. Nxf5 Be6 22. Nd4 a5 23. Nxe6 fxe6 24. Qe3 Nc6 25. Nf4 1-0

[Event "Volmac tournament, junior group"]
[Site "Antwerp"]
[Date "1993.08.14"]
[Round "8"]
[White "Van Beers, Eddy"]
[Black "Teplitsky, Yan"]
[Result "0-1"]
[WhiteElo "2175"]
[BlackElo "2345"]
[Source "ChessBase"]

1. d4 Nf6 2. c4 e6 3. Nc3 Bb4 4. e3 c5 5. Ne2 d5 6. a3 Bxc3+ 7. Nxc3 cxd4
8. exd4 dxc4 9. Bxc4 Nc6 10. Be3 O-O 11. O-O b6 12. Qd3 Bb7 13. Rad1 h6 14. Ba2
Ne7 15. Bf4 Ng6 16. Bg3 Nd5 17. Bb1 f5 18. Ne2 Qg5 19. f4 Qf6 20. Rc1 Rfd8
21. Ba2 Rd7 22. Be1 Rad8 23. g3 Nge7 24. Bd2 Qg6 25. a4 Qg4 26. Rf2 Qh3 27. Re1
Kh7 28. Nc1 Nf6 29. Bc3 Ne4 30. Rc2 Nd5 31. Qf1 Qg4 32. Nd3 Ba6 33. Bxd5 Rxd5
34. Re3 Qh5 35. Qa1 Bxd3 36. Rxd3 Nc5 37. Re3 Nb3 38. Qf1 Nxd4 39. Bxd4 Rxd4
40. Qe2 Qh3 41. Qf1 Rd1 42. Re1 Qh5 43. Rce2 R8d2 44. Rxd1 Rxe2 45. h3 Rxb2
46. Rd7 Rb3 47. Kg2 Qe8 48. Qd1 Qa8+ 49. Kf2 Rb2+ 50. Rd2 Qd5 0-1